Estrategia y práctica profesional laboral
Saved in:
| Hovedforfatter: | |
|---|---|
| Format: | Ukendt |
| Sprog: | engelsk |
| Udgivet: |
Santiago, Chile
Thomson Reuters
2021
|
| Udgivelse: | 3a. edición actualizada |
| Fag: | |
| Tags: |
Tilføj Tag
Ingen Tags, Vær først til at tagge denne postø!
|
MARC
| LEADER | 00000 a2200000 4500 | ||
|---|---|---|---|
| 003 | CL-VaPUC | ||
| 005 | 20210629102216.0 | ||
| 008 | 210615b ||||| |||| 00| 0 eng d | ||
| 999 | |c 433107 |d 433105 | ||
| 020 | |a 978-956-400-167-8 | ||
| 040 | |c Pontificia Universidad Católica de Valparaíso | ||
| 082 | |a 344 RIF 2021 | ||
| 100 | 1 | |a Riffo Oliva, Patricio |e actualizador |9 861453 | |
| 245 | |a Estrategia y práctica profesional laboral | ||
| 250 | |a 3a. edición actualizada | ||
| 260 | |a Santiago, Chile |b Thomson Reuters |c 2021 | ||
| 300 | |a 445 páginas | ||
| 583 | |k Cristina Rojas |c 20210615 | ||
| 650 | 0 | |a Contratos de trabajo |9 254966 | |
| 650 | 0 | |9 860986 |a Negociación colectiva |x Derecho laboral | |
| 942 | |2 ddc |c BK | ||
| 952 | |0 0 |1 0 |2 ddc |4 0 |6 344_000000000000000_RIF_2021 |7 0 |8 F |9 578111 |a BIBDER |b BIBDER |d 2021-06-14 |e 31 |g 0.00 |i 5584671 |o 344 RIF 2021 |p 5584671 |r 2023-01-25 |t 1 |v 0.00 |w 2021-06-14 |y BK_F |k DER | ||